Quel est ce cocktail ? - Statistiques

Statistiques générales
  • Ce quiz a été pris 290 fois
  • Le résultat moyen est 12 sur 35
Statistiques - réponses
Ingrédients Cocktail % Correct
Bière, limonade, grenadine Monaco
76%
Gin, Schweppes, citron Gin tonic
74%
Rhum blanc, jus de lime, sucre en sirop, menthe, eau pétillante Mojito
74%
Prosecco, Aperol, eau pétillante, orange Spritz
69%
Jus de tomate, citron, vodka... Bloody Mary
68%
Bourgogne aligoté blanc, crème de cassis Kir
62%
Rhum, jus d'ananas, crème de coco Pina colada
62%
Rhum, coca cola Cuba libre
61%
* Limonade et sirop Diabolo
61%
Pastis, eau, sirop de menthe Perroquet
53%
Vodka, jus de citron, curaçao Blue lagoon
50%
Tequila, jus d'orange, grenadine Tequila sunrise
48%
Café, sucre roux, whiskey Irish coffee
44%
Rhum, citron vert, sucre de canne Ti-Punch
40%
Champagne, jus d'orange Mimosa
36%
Pastis, eau, sirop de grenadine Tomate
35%
Tequila, cointreau, jus de lime Margarita
34%
Pastis, eau, sirop d'orgeat Mauresque
33%
Vodka, triple sec, citron vert, jus de canneberge Cosmopolitan
29%
Gin, jus de citron, sucre en sirop, eau pétillante Gin Fizz
29%
Prosecco, purée de pêche blanche Bellini
25%
Rhum blanc, jus de lime, sucre en sirop Daïquiri
21%
Vodka, liqueur de café Black Russian
20%
Bière, sirop de grenadine Tango
20%
Gin, Martini, zeste de citron Dry Martini
18%
Whisky, vermouth rouge, angostura une cerise Manhattan
11%
Bière, sirop de menthe Valse
8%
Bourgogne rouge, crème de cassis Communard
6%
Porto, brandy, jaune d'oeuf Porto flip
6%
* Jus d'ananas, jus de fruits de la passion, jus de citron, grenadine Bora-Bora
5%
Vodka, liqueur de framboise French Martini
5%
Cognac, triple sec, jus de citron Sidecar
5%
Gin, sirop de grenadine Pink lady
2%
Vodka, jus d'orange, jus de citron, crème de cassis Jungle juice
1%
Vodka, curaçao, grenadine, soda Purple rain
1%
Aucun quiz correspondant
Distribution des résultats
% des personnes avec chaque résultat
Percentile par nombre de réponses
Votre historique - résultats
Vous n’avez pas pris ce quiz